000 00808nam a22002657a 4500
003 CBULib
005 20240828104018.0
008 230914b |||||||| |||| 00| 0 eng d
020 _a9780127329512
040 _bEnglish
_cCBULib
_erda
041 _aeng
050 _aQC 861.3 Wal
100 _9744
_aWallace, John M.
245 _aAtmospheric science: an introductory survey
_c/ by John M. Wallace; Peter V. Hoobs
250 _asecond edition
260 _aLondon:
_bElsevier,
_c[2006]
300 _axvi,483 pages: illustrations
336 _2rdacontent
_aText |
_btxt
337 _2rdamedia
_aUnmediated |
_bn
338 _2rdacarrier
_aVolume
_bnc
504 _aIncludes Index
650 0 _2Library of congress
_9747
_aMETEOROLOGY--TEXTBOOKS
700 _9748
_aHobbs, Peter V.
942 _2lcc
_c002
999 _c82116
_d82116